| 000 | 00858nam a22002897a 4500 | ||
|---|---|---|---|
| 001 | 8296 | ||
| 003 | FISKH | ||
| 005 | 20251205145539.0 | ||
| 008 | 250908b cb ||||| |||| 00| 0 eng d | ||
| 020 | _a0590458841 | ||
| 040 |
_aFISKH _beng _cFISKH _dFISKH |
||
| 050 | _aPZ7.M478693 F | ||
| 082 | _a813 | ||
| 100 | _aMcKissack, Patricia | ||
| 245 |
_aFlossie & the fox / _cBy Patricia C. Mckissack : pictures by Rachel Isadora |
||
| 250 | _aFirst Scholastic printing, September 1992 | ||
| 260 |
_aNew York : _bScholastic , _c1996. |
||
| 300 |
_a27 unnumbered pages : _bcolor illustrations ; _c24 cm . |
||
| 505 | _aO | ||
| 521 | 8 |
_a610
_bLexile |
|
| 521 | 8 |
_aO
_bRaz-Plus |
|
| 650 |
_aMulticultural _vFiction |
||
| 650 |
_aCleverness _vFiction |
||
| 700 |
_aIsadora, Rachel _eIllustrator |
||
| 942 |
_2ddc _cBK _n0 |
||
| 999 |
_c8296 _d8296 |
||